000 00577nam a2200205 i 4500
001 bg
100 1 _aCHIL'ČEVSKIJ, V. V.
245 _aRassejanie energii pri kolebanijach tonkostennych elementov konstrukcij /
_cV.V. Chil'čevskij, V.G. Dubenec.
260 _aKiev :
_b"Višča Škola",
_c1977.
_a
300 _brys., wykr. ;
_c23 cm.
_a
504 _a
650 _xbadanie
650 9 _aKonstrukcje
_xmechanika
700 1 _aDUBENEC, V. G.
040 _cBPK
041 0 _aru
080 _a620.17
942 _cKS
008 s pl f |000 0 pol
999 _c35875
_d35875